Khuôn khổ pháp lý và kinh nghiệm phát triển hợp tác xã của một số nước

Khái quát tình hình phát triển của hợp tác xã ở các nước: Lịch sử hình thành, cơ cấu tổ chức, hoạt động, phương hướng hoạt động kinh doanh, giáo dục

Wedi'i Gadw mewn:
Manylion Llyfryddiaeth
Fformat: Llyfr
Iaith:Undetermined
Cyhoeddwyd: Hà Nội Hà Nội 1996
Pynciau:
Tagiau: Ychwanegu Tag
Dim Tagiau, Byddwch y cyntaf i dagio'r cofnod hwn!
Thư viện lưu trữ: Trung tâm Học liệu Trường Đại học Cần Thơ
LEADER 00817nam a2200169Ia 4500
001 CTU_156129
008 210402s9999 xx 000 0 und d
082 |a 334 
082 |b Kh517 
245 0 |a Khuôn khổ pháp lý và kinh nghiệm phát triển hợp tác xã của một số nước 
260 |a Hà Nội 
260 |b Hà Nội 
260 |c 1996 
520 |a Khái quát tình hình phát triển của hợp tác xã ở các nước: Lịch sử hình thành, cơ cấu tổ chức, hoạt động, phương hướng hoạt động kinh doanh, giáo dục 
650 |a Cooperatives,Agriculture, cooperatives,Hợp tác xã nông nghiệp 
904 |i Trọng Hiếu 
980 |a Trung tâm Học liệu Trường Đại học Cần Thơ